00767cam a2200241 45000010005000000030008000050050017000130080039000300350014000690400023000830410008001060820039001141000026001532450111001792500012002902600041003023000024003433500025003676500027003926500031004197000029004507100046004797791BD-RjUL20211208234457.0150114s1973 ii 001 0 eng a(BD-RjUL) aDLCcDLCdDLCbeng aeng00a343.54025a345.40325219bGHG 19731 aGhosh, Abinaschandra.10aA. Ghosh's Laws of compulsory acquisition and compensation in India & the Land acquisition act, I of 1894. a6th ed. aCalcutta,bEastern Law House,c1973. a80, 1262 p.c25 cm. aRs60.00 ($8.00 U.S.) 0aEminent domainzIndia. 0aCompensation (Law)zIndia.1 aGhosh, Sunil Kumar,eed.12aIndia.tLand Acquisition Act, 1894. 1973.